000 00953nas a2200265 a 4500
999 _c20000
_d20000
005 20191217042716.0
008 100611c20109999ck qrzp r 0 b spa d
022 _a2145-6836
040 _aCO-BoBLA
_cCO-BoBLA
_dCO-BoIAVH
041 0 _aspa
044 _ack
090 _aSE
245 0 0 _aRevista expeditio /
_cUniversidad Jorge Tadeo Lozano
246 1 4 _aExpeditio
260 3 _aBogotá (Colombia) :
_bUniversidad Jorge Tadeo Lozano,
_c2010-.
300 _bilustraciones y fotografías ;
_c24 cm.
310 _aq
610 2 4 _aUniversidad de Bogotá Jorge Tadeo Lozano
_vPublicaciones periódicas
_990961
650 2 6 _aCiencias sociales
_vPublicaciones periódicas
650 2 6 _aHumanidades
_vPublicaciones periódicas
650 2 6 _aCultura
_vPublicaciones periódicas
650 2 6 _aInvestigación
_vPublicaciones periódicas
710 2 _aUniversidad de Bogotá Jorge Tadeo Lozano
942 _2z
_cREVISTA